Congrés Internacional de Teatre a Catalunya : actes actes
Descripción Física:
4 v. ; 24 cm
Materias:
Teatre -- Congressos
MARC
| LEADER | 00000nam a2200000Ia 4500 | ||
|---|---|---|---|
| 001 | 8768, 8769, 8770 , 8771, 17279 | ||
| 008 | 160829s1986 - 1989 xx 000 0 cat d | ||
| 080 | |a B-1-141, B-1-142, B-1-143, B-1-144, FU-48-2 | ||
| 100 | |a Congrés Internacional de Teatre a Catalunya (1985 : Barcelona) |9 30290 | ||
| 245 | |a Congrés Internacional de Teatre a Catalunya : |b actes | ||
| 260 | |a Barcelona : |b Institut del Teatre. Diputació de Barcelona, |c 1986 - 1989 | ||
| 300 | |a 4 v. ; |c 24 cm | ||
| 590 | |a Conté: v. 1: Memòria, Sessions plenàries, Espai de crítics teatrals, Índex onomàstic; v. 2: Seccions 1, 2 i 3; v. 3: Seccions 4, 5 i 6; v. 4: Seccions 7, 8 i 9. | ||
| 590 | |a Conté també: Congrés 2 (1985). | ||
| 650 | |a Teatre |x Congressos |9 36496 | ||
| 710 | 1 | |a Institut del Teatre (Barcelona, Catalunya) |9 52662 | |
| 901 | |a Arxiu | ||
| 942 | |n 1 | ||
| 952 | |0 0 |1 0 |4 0 |6 B1141_B1142_B1143_B1144_FU482 |7 1 |9 45367 |a Arxiu |b Arxiu |d 2016-12-01 |l 0 |o B-1-141, B-1-142, B-1-143, B-1-144, FU-48-2 |p 8768, 8769, 8770 , 8 |r 2016-12-01 00:00:00 |w 2016-12-01 |y ARXIU | ||
| 999 | |c 48441 |d 48441 | ||